| 000 | 00652nam a2200217 a 4500 | ||
|---|---|---|---|
| 001 | BRCA_5144 | ||
| 005 | 20190320204946.0 | ||
| 008 | 221110s1954----gw-a######---#000-0#ger-# | ||
| 041 | _ager | ||
| 044 | _agw | ||
| 050 | 4 |
_aNK6602 _b.G97 1954 |
|
| 100 | 1 |
_aGysin, F. _913146 |
|
| 245 | 1 | 0 |
_aHistorische Zimmer _baus dem Schweizerischen Landesmuseum _cDr. F. Gysin. |
| 260 |
_aZurich, Alemania _bPaul Haupt Bern _c1954 |
||
| 300 |
_a12 p. _bil., 16 láminas _c24 cm. |
||
| 500 | _aCatálogo de la Sala Histórica del Schweizerischen Landesmuseum | ||
| 500 | _aDD59 | ||
| 650 | 1 | 4 |
_aMuseos históricos _zAlemania _913147 |
| 902 | _aGFM | ||
| 942 |
_2lcc _cB |
||
| 999 |
_c4838 _d4838 |
||